| 000 | 00357nam a2200133Ia 4500 | ||
|---|---|---|---|
| 008 | 221030s9999 xx 000 0 und d | ||
| 041 | _aEnglish | ||
| 082 | _a105.23 | ||
| 100 | _aK. S. Trivedi | ||
| 245 | 0 |
_aProbability & Statistics with Reliability, Queuing & Computer Science Applications _cby K. S. Trivedi |
|
| 260 | _c0 | ||
| 650 | _aB | ||
| 942 | _cBK | ||
| 999 |
_c12066 _d12066 |
||